First 100 Words of the King James Bible - Statistics

General Stats
  • This quiz has been taken 63 times
  • The average score is 80 of 100
Answer Stats
Answer % Correct
the
100%
be
98%
earth.
98%
earth
98%
a
96%
and
96%
And
96%
God
96%
was
96%
beginning,
93%
In
93%
in
93%
light:
93%
light.
93%
light,
93%
light
93%
there
93%
he
91%
created
89%
Let
89%
heaven
86%
said,
86%
good:
72%
darkness
70%
darkness.
70%
Day,
68%
day.
68%
it
67%
saw
65%
first
61%
of
61%
Night.
60%
called
58%
form,
53%
waters.
49%
Spirit
46%
without
46%
from
42%
that
42%
evening
39%
morning
39%
on
39%
void;
33%
face
32%
deep.
30%
divided
30%
were
30%
upon
26%
firmament
23%
moved
23%
midst
7%
No matching quizzes found
Score Distribution
Percent of People with Each Score
Percentile by Number Answered
Your Score History
You have not taken this quiz